000 00303nam a22001337a 4500
008 170220b xxu||||| |||| 00| 0 eng d
020 _a9780071454285
041 _aeng
080 _211TH
_a615
100 _a5
101 _aSHM
245 _aCLINICIAN'S POCKET REFERENCE
_cGOMELLA, L.G
942 _2udc
_cBK
999 _c5809
_d5809